Logo BPK

Bibliografia Prac Pracowników

Politechniki Koszalińskiej

Ciepłe ściany jednowarstwowe 100, 50, 30 lat temu / (Rekord nr 9651)

Szczegóły MARC
000 -ETYKIETA REKORDU
podpole kontrolne o stałej długości 00581naa a2200145 i 4500
001 - NUMER KONTROLNY REKORDU
podpole kontrolne 9651
003 - IDENTYFIKATOR NUMERU KONTROLNEGO REKORDU
podpole kontrolne KOSZ 005
005 - DATA OSTATNIEJ MODYFIKACJI REKORDU
podpole kontrolne 20180405113130.0
008 - POLE O STAŁEJ DŁUGOŚCI - DANE KONTROLNE
podpole kontrolne o stałej długości 180405s2008 pl | | |000 ||pol d
040 ## - ŹRÓDŁO KATALOGOWANIA
Instytucja, która utworzyła rekord KOSZ 005/HR
Instytucja, która sporządziła opis KOSZ 005/HR
100 ## - NAZWA OSOBOWA
Nazwa osobowa KATZER, Jacek.
Lata pracy 1999 - 2012.
Instytucja Politechnika Koszalińska - Wydział Budownictwa i Inżynierii Środowiska,
Wydział Katedra Budownictwa i Materiałów Budowlanych
245 ## - TYTUŁ/ODPOWIEDZIALNOŚĆ
Tytuł Ciepłe ściany jednowarstwowe 100, 50, 30 lat temu /
Pozostałe elementy strefy tytułu i oznaczenia odpowiedzialności Jacek Katzer.
773 0# - TYTUŁ DOKUMENTU MACIERZYSTEGO
Wyrażenie wprowadzające W :
Tytuł Inżynier Budownictwa. -
Informacje dotyczące relacji 2008, nr 12, s.54-57.
ISSN 1732-3428
942 ## - HASŁO DODATKOWE - ELEMENTY(KOHA)
Typ dokumentu Artykuł
Schemat klasyfikacji Uniwersalna klasyfikacja dziesiętna

Brak dostępnych egzemplarzy.

© 2014 Biblioteka Politechniki Koszalińskiej :: BIBLIOGRAFIA PRAC PRACOWNIKÓW